000 00746nam a2200289Ia 4500
005 20260324113200.0
008 008 260324s9999 xx 000 0 eng d
020 _a9781003502845
037 _aEBOOK
040 _aCRL
040 _beng
040 _cCRL
041 _2eng
041 _aeng
084 _qCRL
100 _aMark Hill KC; María-José Valero-Estarellas
_91145749
245 0 _aHuman Dignity, Religion and the Law
245 0 _bPluralism and Reasonable Accommodation of Religious Practices
260 _bTaylor and Francis
260 _c2024
365 _a
365 _b220
856 _uhttp://www.taylorfrancis.com/books/9781003502845
942 _cEBOOK
999 _c1735266
_d1735266